Obscure Trivia #12 - Statistics

General Stats
  • This quiz has been taken 37 times
  • The average score is 4 of 20
Answer Stats
Question Answer % Correct
What causes the dwarf planet Pluto to wobble? The gravitational pull of its moon Charon
67%
Which of these actors never played the role of Agatha Christie’s Hercule Poirot in a commercially released film? Charles Laughton
50%
Which of these is NOT one of the Seven Wonders of the Ancient World? Great Sphinx of Giza
50%
Hákarl, an Icelandic dish, is prepared by burying the rotting carcass of an animal in a shallow pit and pressing it with stones so the poisonous internal fluids can be drained out making the meat safe to eat. After this, it’s hung out to dry before being cut into strips and served. What creature is used to make Hákarl? Shark
50%
Australia is wider than … The moon
50%
Spectrophobia is a fear of … Mirrors
33%
Finnish inventor Eric Tigerstedt was awarded a patent for what he called a “pocket-size folding telephone with a very thin carbon microphone". In what year? 1917
17%
An individual suffering from boanthropy believes they are … A bovine
17%
A clowder is a group of three or more … Cats
17%
Which ancient Roman festival probably influenced Halloween? Feralia
17%
Which brand was NOT owned by tobacco giant Philip Morris Cos. (now The Altria Group)? Keebler
17%
The unincorporated community of Monkey’s Eyebrow is located in which U.S. state? Kentucky
17%
Éire : Ireland :: Dhivehi Raajje : ? Maldives
17%
What is one difference between human blood and avian blood? Red blood cells in birds have a nucleus
17%
How many U.S. state names have two of the same vowel in a row? 2
0%
How many different Standard Time offsets from Coordinated Universal Time (UTC) are used in the 50 United States and the District of Columbia (excluding U.S. territories and dependencies)? 6
0%
In New Jersey, it is illegal to wear a bullet-proof vest while … Committing a murder
0%
If a bingo caller announces “Jimmy Choo,” what number should you look for on your bingo card? N-32
0%
Camp David, the Presidential retreat, used to be called something else. What? Shangri-La
0%
Why do roosters tilt their heads back when they crow? To keep from going deaf
0%
No matching quizzes found
Score Distribution
Percent of People with Each Score
Percentile by Number Answered
Your Score History
You have not taken this quiz